00723nam a2200217 a 4500008004100000020002200041100002100063245009000084260004300174300002600217440002500243504004100268500002000309650004100329650004500370650004200415700002100457003000100478005001700479040000900496  a0631186875 (pbk.)1 aDavidson, Ian R.14aThe business accounting and finance blueprint /cIan R. Davidson and Chris A. Mallin. aOxford :bBlackwell Publishers,c1993. axiv, 166 p. ;c25 cm. 0aBusiness blueprints. aIncludes bibliographical references. aIncludes index. 0aFinancial statementszGreat Britain. 0aCorporationszGreat BritainxAccounting. 0aManagerial accountingzGreat Britain.1 aMallin, Chris A.20230123133235.0 cNUST